00473nam a2200169 a 4500008004100000020001500041050001900056100001800075245004500093246004100138260005500179300001000234350000900244650001100253650001900264650002000283061108s1996 ||||||||||||||||| || u a9171063889 aHD 7288.7 Pla. aSchlyter, Ann12aA place to livecedited by Schlyter, Ann agender research on housing in Africa aGotabs, StockholmbNordiska Africainstitutetc1996 a171p. a0.00 aGENDER 0aWOMEN'S RIGHTS aHOUSING--AFRICA